Historic Counties of England Quiz Stats

 Plays Quiz Updated Aug 24, 2018

Score 0/39 Timer 10:00
3 Plays Today
% Correct
Yorkshire
89.9%
Cornwall
88.7%
Essex
86.9%
Devon
86.2%
Sussex
85.8%
Kent
83.5%
Norfolk
80.4%
Hampshire
78.6%
Lancashire
78.4%
Suffolk
76.6%
Northumberland
73.9%
Oxfordshire
73.8%
Somerset
73.1%
Cambridgeshire
72.2%
Lincolnshire
70.8%
Dorset
70.7%
Surrey
69%
Nottinghamshire
68.9%
Derbyshire
67.2%
Gloucestershire
67.1%
% Correct
Cheshire
66.8%
Leicestershire
66.7%
Durham
64.2%
Buckinghamshire
63.9%
Herefordshire
63.9%
Hertfordshire
62.8%
Shropshire
62.6%
Worcestershire
62.5%
Wiltshire
60.6%
Warwickshire
60.5%
Berkshire
60.2%
Middlesex
59%
Northamptonshire
57.4%
Rutland
57.2%
Bedfordshire
55.7%
Staffordshire
55.6%
Cumberland
53.1%
Westmorland
33.8%
Huntingdonshire
28.8%

You're not logged in!

Compare scores with friends on all Sporcle quizzes.
OR
Log In

Sporcle TV

Today on Sporcle TV


Watch our educational content, quiz creation guides, and fun videos on Sporcle TV.

Show Comments

Extras

Top Quizzes Today


Score Distribution

Your Account Isn't Verified!

In order to create a playlist on Sporcle, you need to verify the email address you used during registration. Go to your Sporcle Settings to finish the process.

Report this User

Report this user for behavior that violates our Community Guidelines.

Details: